The Option of an Oil Tax to Fund Transportation and Infrastructure (Record no. 352697)
[ view plain ]
| 000 -LEADER | |
|---|---|
| fixed length control field | 00520nam a2200133Ia 4500 |
| 008 - FIXED-LENGTH DATA ELEMENTS--GENERAL INFORMATION | |
| fixed length control field | 171212s9999 xx 000 0 und d |
| 020 ## - INTERNATIONAL STANDARD BOOK NUMBER | |
| International Standard Book Number | 9780833051783 |
| 100 ## - MAIN ENTRY--PERSONAL NAME | |
| Personal name | Crane, Keith;Burger, Nicholas;Wachs, Martin |
| 245 ## - TITLE STATEMENT | |
| Statement of responsibility, etc | Crane, Keith;Burger, Nicholas;Wachs, Martin |
| Title | The Option of an Oil Tax to Fund Transportation and Infrastructure |
| 260 ## - PUBLICATION, DISTRIBUTION, ETC. (IMPRINT) | |
| Name of publisher, distributor, etc | RAND Corporation |
| Date of publication, distribution, etc | 2011 |
| 650 ## - SUBJECT ADDED ENTRY--TOPICAL TERM | |
| Topical term or geographic name as entry element | Business |
| 650 ## - SUBJECT ADDED ENTRY--TOPICAL TERM | |
| Topical term or geographic name as entry element | Petroleum -- Taxation -- Economic aspects -- United States |
| 856 ## - ELECTRONIC LOCATION AND ACCESS | |
| Uniform Resource Identifier | <a href="www.jstor.org/stable/10.7249/op320rc">www.jstor.org/stable/10.7249/op320rc</a> |
| Withdrawn status | Lost status | Damaged status | Home library | Current library | Date acquired | Total Checkouts | Full call number | Date last seen | Price effective from | Koha item type |
|---|---|---|---|---|---|---|---|---|---|---|
| College Library | College Library | 12/12/2017 | HD9560.8.U52C73 2011 | 12/12/2017 | 12/12/2017 | Curriculum - Based eBooks |